000 00733nam a2200253Ia 4500
003 OSt
005 20221002051259.0
006 a|||||r|||| 00| 0
007 ta
008 220930b |||||||| |||| 00| 0 eng d
024 _a26505
037 _cReference Collections
040 _aCRL
_cCRL
_beng
041 _2eng
_aeng
082 _a1, N1(RR)
100 _aEaston David Ed
245 0 _aDivided knowledge
_bA cross disciplines across cultures
260 _aLondon
_bSage UK
_c1991
300 _a161p
_ccm.
650 _aTHEORY OF KNOWLEDGE
700 _a Schelling Corinnes Ed
_9572314
942 _h1, N1(RR)
_cref
_2CC
999 _c916385
_d916385